00560nam a2200193 a 4500001001300000003000900013005001700022008004100039020000800080082001800088100002700106245006500133260005100198300000900249500003500258505001300293650003300306700002700339nice12345678IN_TiNIC20260116011545.0050524s1904 phia grp 000 0 eng  ac000a303.4824bSHE aShedd, William Ambrose aIslam and the Oriental Churchesb Their Historical Relations aPhilladelphiabPresbyterian Board of Pubc1904 a253p aincludes index and biblioraphy2 aAppendix aIslam-Relations Christianity1 aShedd, William Ambrose